000 00259nam a2200109Ia 4500
999 _c9418
_d9418
020 _a978-0132664233
100 _aFred R David
245 0 _aStraregic Management Concepts and Cases
260 _aNew Jersey
_bPrentice Hall
_c2002
300 _a223
942 _cBK